Score 0/20 Timer 03:00
1 Play Today
Movie Missing Word % Correct
_______ DoryFinding
97.6%
Now You ___ Me 2See
89.9%
_____ Through the Looking GlassAlice
81.2%
_____ BourneJason
76.9%
_______ SquadSuicide
72.7%
___ MomsBad
68.9%
Sausage _____Party
68.8%
Central ____________Intelligence
66.1%
Mike and Dave Need _______ DatesWedding
63.4%
Lights ___Out
61.6%
Movie Missing Word % Correct
The ______ of TarzanLegend
59.9%
The Secret Life of ___Pets
56%
Ice Age: _________ CourseCollision
48.1%
The _____: Election YearPurge
44%
Me ______ YouBefore
43.6%
Free _____ of JonesState
43.3%
X-Men: ______Apocalypse
38.4%
Independence Day: ___________Resurgence
30.4%
Star Trek ______Beyond
27.6%
TMNT: Out of the _______Shadows
25.9%

Today's Daily Dose

You're not logged in!

Compare scores with friends on all Sporcle quizzes.
OR
Log In

Sporcle TV

Today on Sporcle TV


Watch our educational content, quiz creation guides, and fun videos on Sporcle TV.

Show Comments

Extras

Top Quizzes Today


Score Distribution

Your Account Isn't Verified!

In order to create a playlist on Sporcle, you need to verify the email address you used during registration. Go to your Sporcle Settings to finish the process.

Report this User

Report this user for behavior that violates our Community Guidelines.

Details: